Disney Songs Klick Quiz - Statistiken

Allgemein
  • Dieses Quiz wurde 914 mal gespielt
  • Das Durchschnittsergebnis liegt bei 13 aus 21
Antwortstatistiken
Hint Antwort % Korrekt
Arabian Nights / Arabische Nächte Aladdin
93%
Circle of Life / Der ewige Kreis Der König der Löwen
84%
We don't talk about Bruno / Nur kein Wort über Bruno Encanto
78%
Mother knows best / Mutter weiß mehr Rapunzel - Neu verföhnt
78%
Bibbidi Bobbidi Boo / Bibidi Babidi Bu Cinderella / Aschenputtel
75%
We Rock Camp Rock
72%
This is Halloween / Hier in Halloween The Nightmare before Christmas
72%
Be our guest / Sei hier Gast Die schöne und das Biest
71%
Into the Unknown / Wo noch niemand war Die Eiskönigin 2
67%
Breaking Free High School Musical
66%
I'll make a Man out of you / Sei ein Mann Mulan
66%
Part of your World / In deiner Welt Arielle
62%
I wanna be like you / Ich wär so gern wie du Das Dschungelbuch
62%
Heigh-Ho / Heiho Schneewittchen und die sieben Zwerge
61%
A spoonfull of Sugar / Löffelchen voll Zucker Mary Poppins
58%
Zero to Hero / In Sekunden auf 100 Hercules
56%
Proud Corazon / Stolzes Corazon Coco - Lebendiger als das Leben
53%
Shiny / Glänzend Vaiana / Moana
50%
Dig a little deeper / Du musst nur tiefer in dir graben Küss den Frosch
31%
The City of Rosas / Die Stadt namens Rosas Wish
30%
When you wish upon a star / Wenn ein Stern in finstrer Nacht Pinocchio
21%
Keine übereinstimmenden Quizze gefunden
Verteilung der Resultate
Anzahl Personen mit jedem Resultat
Perzentil nach korrekt beantworteten Fragen
Ihre Resultats-Entwicklung
Sie haben dieses Quiz noch nicht gespielt